Dwě nowé písně Mládencům i Panám wydané

Bibliographic Details
Corporate Author: Škarnicel, Jozef - dedičia (Skalica, Slovensko) (Printer)
Format: Book
Language:Slovak
PhysicalDescription:[7] s. 11 cm
Published: W Skalici u dědičů J. Škarnicla 1887
Subjects:

MARC

LEADER 00000nam a2200000 a 4500
001 vtls011752776
003 SK-MaSNL
005 20260301183112.0
008 200104s1887 xo a 0 an0 slo
015 |a SNBHFA1887 
035 |a urn:nbn:sk:snk-am00d15u 
035 |a urn:nbn:sk:snk-am3hi5h 
035 |a 1BDB8E15-7B46-4D55-84FB-C7208F459B11 
040 |a SNKHF  |b slo  |c SNK  |e AACR2 
041 0 |a slo 
044 |a xo  |c SK 
072 7 |a 09  |x Rukopisy, prvotlače, staré tlače. Vzácne a pozoruhodné diela  |2 konspekt 
080 |a 098:398.51  |2 1981 
130 0 |a Dwě  |9 299944 
245 1 0 |a Dwě nowé písně Mládencům i Panám wydané 
260 |a W Skalici  |b u dědičů J. Škarnicla  |c 1887 
300 |a [7] s.  |c 11 cm 
500 |a Titulná strana s drevorezom 
501 |a Prív. 6. k: Nowá Pjseň Mládencům a Pannám, k obweselenj mysle wydaná. W Skalicy : v Škarnicla Synů, 1864.  |5 SNK SE 145/1-12/prív.6 
546 |a Slovenčina  |b Fraktúra 
650 0 7 |a jarmočné tlače  |2 SNKPH  |9 256383 
710 2 |a Škarnicel, Jozef - dedičia (Skalica, Slovensko)  |4 prt  |9 189503 
752 |a Slovensko  |d Skalica 
852 |a SNK  |p SE 145/1-12/prív.6 
958 |a ONDV 
999 |c 855863  |d 857793 
952 |a SNK  |b SNK  |y PREZ  |7 0  |p 17A1300596  |o snkSE 145/1-12/prív.6  |i snk4529/28  |0 0  |1 0  |4 0  |d 2018-04-24  |f 1  |l 0  |r 2026-02-24 04:56:01  |w 2026-02-24